Most expensive football transfers - 2010-2011 Season - Statistics

General Stats
  • This quiz has been taken 37 times
  • The average score is 9 of 10
Answer Stats
Fee (M €) Nationality Left Joined Player % Correct
58,50 Spain Liverpool Chelsea Fernando Torres
100%
26,50 Uruguay Ajax Liverpool Luis Suárez
94%
30,00 Ivory Coast Barcelona Man City Yaya Touré
94%
33,00 Argentina Benfica Real Madrid Ángel Di María
89%
37,00 Bosnia and Herzegovina VfL Wolfsburg Man City Edin Dzeko
89%
25,00 Brazil Benfica Chelsea David Luiz
86%
40,00 Spain Valencia Barcelona David Villa
83%
29,50 Italy Inter Man City Mario Balotelli
83%
28,75 Spain Valencia Spain LaLiga Man City David Silva
81%
41,00 England Newcastle Liverpool Andy Carroll
72%
No matching quizzes found
Score Distribution
Percent of People with Each Score
Percentile by Number Answered
Your Score History
You have not taken this quiz